Регионална библиотека "Любен Каравелов" - Русе

Избрани творби (Запис номер 174492)

MARC детайли
000 -Лидер
Контролно поле с фиксирана дължина 01341nam a2200313 c 4500
003 - Код на организацията, давaща контролен номер
Контролно поле BLK
005 - Дата и час на последна редакция
Контролно поле 20230406030256.0
008 - Елементи от данни с фиксирана дължина
fixed length control field 180411b bul|||||r ||||||| ||bul||
010 ## - Наследен системен номер
LC control number KNG00182978000
040 ## - Източник на каталожния запис
Идентификатор на билиотеката - собственик на записа BLK
041 ## - Код за език
Код за езика на текст/звукозапис или на отделно заглавие Български
Код за езика КДБФ Български
080 ## - УДК
Текстов определител УДК Българска литература
УДК код - определител по УДК 821.163.2
УДК определител -1
УДК - код + определител 821.163.2-1
080 ## - УДК
Текстов определител УДК Българска литература
УДК код - определител по УДК 821.163.2
УДК определител -94
УДК - код + определител 821.163.2-94
139 ## - Редно поле
Редна дума Христов, Кирил
Авторски знак Христов - Х 78
245 10 - Сведения за заглавието
Заглавие Избрани творби
Редно поле (дума) Кирил Христов; подб. и ред. Кръстьо Куюмджиев; подб. и ред. Светла Гюрова; с предг. от Кръстьо Куюмджиев.
257 ## - Страна на издаване
Страна на създаване/издаване България
260 ## - Област на издателските данни
Място на издаване, разпространение и проч. София
Име на издателя, разпространителя и проч. Бълг. писател
Година на издаване 1975
300 ## - Физическа характеристика
Страници 503 с.
Илюстрации и др. 5 л. портр.
Размери/Мащаб 21 см
380 ## - Жанр
Жанр Худож. лит.
500 ## - Общи забележки
Забележка 3 100 тир
700 1# - Други автори (авторска отговорност)
Лично име Куюмджиев, Кръстьо
Автороска отговорност (Описва отношението между автора и произведението) подб. и ред.
9 (RLIN) 376214
700 1# - Други автори (авторска отговорност)
Лично име Гюрова, Светла
Автороска отговорност (Описва отношението между автора и произведението) подб. и ред.
9 (RLIN) 369276
700 1# - Други автори (авторска отговорност)
Лично име Куюмджиев, Кръстьо
Автороска отговорност (Описва отношението между автора и произведението) с предг. от
9 (RLIN) 376214
852 ## - Местоположение
Форматна сигнатура Цб 77528
Фондова буква Хранилище
856 4# - Електронен адрес и достъп
Електронен формат pdf - файл
856 4# - Електронен адрес и достъп
Електронен формат pdf - файл
999 ## - СИСТЕМНИ КОНТРОЛНИ НОМЕРА
Koha biblionumber 174492
Koha biblioitemnumber 174492
942 ## - АРТИКУЛИ
Вид на библиотечния материал Книги
Скрит в OPAC Не
Периодичен библиозапис Да
944 ## - СЪЗДАВАНЕ И РЕДАКЦИЯ на ЗАПИСА
Създаване/Редакция Създаване
Дата на регистрацията/редакция 30.09.2015
Служител, извършил регистрацията/редакцията Христина_Везирева
944 ## - СЪЗДАВАНЕ И РЕДАКЦИЯ на ЗАПИСА
Създаване/Редакция Редакция
Дата на регистрацията/редакция 14.09.2017
Служител, извършил регистрацията/редакцията Елица_Владова
944 ## - СЪЗДАВАНЕ И РЕДАКЦИЯ на ЗАПИСА
Създаване/Редакция Редакция
Дата на регистрацията/редакция 2022-10-04
Служител, извършил регистрацията/редакцията ВП
999 ## - СИСТЕМНИ КОНТРОЛНИ НОМЕРА
Koha biblioitemnumber 174492
Наличности
Код за отписване Код за изгубен артикул Източник на класификационната схема Код за повреда Коз за рестрикции Код за отдаване Артикулен № Име на библиотеката - собственик Име на библиотеката, в която се намира в момента Статус (Текущо местоположение) Дата на вписване в системата Местоположение - отдел Цена в лева Инвентарен номер Систематично азбучна сигнатура Баркод Номер на екземпляра Цена в евро Служебна бележка Служебен тип на артикула Бележка за публиката
  Не е изгубен Universal Decimal Classification Не е повреден без рестрикции ползва се в читалня 299566 Регионална библиотека "Любен Каравелов" Русе Регионална библиотека "Любен Каравелов" Русе Хранилище 1975-01-01 Хранилище 2.82 190824 Цб 77528 120000190824 1 1.44 Вид: Сф N: стар фонд Дата: 01.01.1975 Книги  
Изтеглен Не е изгубен Universal Decimal Classification Не е повреден без рестрикции заемане за дома 299567 Регионална библиотека "Любен Каравелов" Русе Регионална библиотека "Любен Каравелов" Русе Заемна - подръчен фонд 1975-01-01 Заемна - подръчен фонд 2.82 191331 П 886.7-1/Х 78 191331 2 1.44 Вид: Сф N: стар фонд Дата: 01.01.1975 Дата инв: 14.02.2018 Бележки инв: П2018 Книги  
Изтеглен Не е изгубен Universal Decimal Classification Не е повреден без рестрикции заемане за дома 299568 Регионална библиотека "Любен Каравелов" Русе Регионална библиотека "Любен Каравелов" Русе Заемна - подръчен фонд 1975-01-01 Заемна - подръчен фонд 2.82 191333 П 886.7-1/Х 78 191333 3 1.44 Вид: Сф N: стар фонд Дата: 01.01.1975 Книги  
Изтеглен Не е изгубен Universal Decimal Classification Не е повреден без рестрикции заемане за дома 299569 Регионална библиотека "Любен Каравелов" Русе Регионална библиотека "Любен Каравелов" Русе Заемна - подръчен фонд 1975-01-01 Заемна - подръчен фонд 2.82 623601 П 886.7-1/Х 78 623601 4 1.44 Вид: Сф N: стар фонд Дата: 01.01.1975 Дата инв: 16.02.2018 Бележки инв: П2018 Книги  
Изтеглен Не е изгубен   Не е повреден без рестрикции заемане за дома 299570 Регионална библиотека "Любен Каравелов" Русе Регионална библиотека "Любен Каравелов" Русе   1975-01-01 Детски отдел 2.82 191732 ДХ 886.7/Х 78 191732 5 1.44 Вид: Сф N: стар фонд Дата: 01.01.1975 Дата инв: 05.10.2015 Бележки инв: Д2015 Книги Отч.N: 31/2017 , Дата: 01.09.2017
Vip Innovations Ltd, Rousse, Bulgaria 2025